| 000 | 00607cam a2200205 4500 | ||
|---|---|---|---|
| 001 | IQ000847 | ||
| 008 | t19921992mx spa | ||
| 020 | _a9681820177 | ||
| 035 | _aIQ000847 | ||
| 100 | 1 | _aFreeman, Myrick A. | |
| 245 | 1 | 0 |
_aControl de la contaminación del agua y el aire : _bEvaluación de costo-Beneficio / _cA. Myrick Freeman. |
| 250 | _a1a.ed. | ||
| 260 |
_aMéxico : _bLimusa, _cc1992 |
||
| 300 |
_a277 p. ; _c22 cm. |
||
| 504 | _aIncluye índice | ||
| 650 | 4 |
_aContaminación _xAgua y aire |
|
| 650 | 4 |
_aContaminación _xControl |
|
| 942 |
_2lcc _cLIB |
||
| 999 |
_c91747 _d91747 |
||